000 01107nam a2200277 a 4500
001 C01494887c-7
003 CO-ViMGA
005 20230915233144.0
008 160903b xxu||||| |||| 00| 0 eng d
020 _a9789587752472
040 _aCO-ViMGA
_bspa
_cCO-ViMGA
082 0 4 _a634.75 M28f
245 0 0 _aPrograma de manejo fitosanitario en fresa en el Departamento del Valle del Cauca /
_cNora Cristina Mesa C,
260 _aCali :
_bUniversidad Nacional de Colombia Sede Palmira Facultad de Ciencias Agropecuarias :
_c2014.
300 _a57 páginas :
_bil, fot ; 28 cm.
504 _aIncluye referencias bibliográficas
650 1 4 _aFresas
_x Control biológico.
_zColombia
_95483
650 1 4 _aFresas
_x Cultivo
_zColombia
_95481
650 1 4 _aFresas
_x Enfermedades y plagas.
_zColombia
_95482
700 1 _aGómez López, Eyder Daniel.
_95475
700 1 _aHernández, Carlos Alberto.
_95477
700 1 _aMena, Yuri Mercedes.
_95476
773 0 _aDisponible también bajo el mismo título como CDR3312.
942 _2ddc
_cBK
949 _an
_bn
999 _c35987
_d35987